Winners of the Singapore Grand Prix - Statistics

General Stats
  • This quiz has been taken 12 times
  • The average score is 14 of 16
Answer Stats
Year Constructor Winner % Correct
2024 McLaren-Mercedes Lando Norris
100%
2009 McLaren-Mercedes Lewis Hamilton
100%
2014 Mercedes Lewis Hamilton
100%
2017 Mercedes Lewis Hamilton
100%
2018 Mercedes Lewis Hamilton
100%
2025 Mercedes George Russell
91%
2011 Red Bull-Renault Sebastian Vettel
91%
2012 Red Bull-Renault Sebastian Vettel
91%
2013 Red Bull-Renault Sebastian Vettel
91%
2015 Ferrari Sebastian Vettel
91%
2019 Ferrari Sebastian Vettel
91%
2023 Ferrari Carlos Sainz
82%
2016 Mercedes Nico Rosberg
82%
2008 Renault Fernando Alonso
73%
2010 Ferrari Fernando Alonso
73%
2022 Red Bull-RBPT Sergio Perez
73%
No matching quizzes found
Score Distribution
Percent of People with Each Score
Percentile by Number Answered
Your Score History
You have not taken this quiz